[Event "GER-ch U25-A"]
[Site "Willingen"]
[Date "2017.06.06"]
[Round "5"]
[White "Von Pueckler, Konstantin"]
[Black "Baumann, Marcel"]
[Result "0-1"]
[WhiteElo "1525"]
[BlackElo "1719"]
[PlyCount "46"]
[EventDate "2017.06.04"]
[EventType "swiss"]
[EventRounds "9"]
[EventCountry "GER"]
[SourceTitle "CBM 178 Extra"]
[Source "ChessBase"]
[SourceDate "2017.06.22"]
[SourceVersion "1"]
[SourceVersionDate "2017.06.22"]
[SourceQuality "1"]

1. e4 d5 2. exd5 Qxd5 3. Nc3 Qd6 4. Bc4 Nf6 5. d3 a6 6. a4 Nc6 7. Nge2 Bg4 8. 0-0 h5 9. h3 Bd7 10. Bf4 e5 11. Bd2 Be7 12. Ng3 h4 13. Nge4 Nxe4 14. Nxe4 Qg6 15. Kh2 f5 16. Nc3 Bd6 17. Kh1 0-0-0 18. Nd5 f4 19. b4 Nd4 20. f3 Bxh3 21. gxh3 Qg3 22. Be1 Qxh3+ 23. Kg1 Rh6 0-1

[Event "GER-ch U25-B"]
[Site "Willingen"]
[Date "2016.05.20"]
[Round "8"]
[White "Von Pueckler, Konstantin"]
[Black "Rempe, Jonas"]
[Result "1-0"]
[WhiteElo "1327"]
[BlackElo "1245"]
[PlyCount "133"]
[EventDate "2016.05.15"]
[EventType "swiss"]
[EventRounds "9"]
[EventCountry "GER"]
[SourceTitle "CBM 172 Extra"]
[Source "ChessBase"]
[SourceDate "2016.06.21"]
[SourceVersion "1"]
[SourceVersionDate "2016.06.21"]
[SourceQuality "1"]

1. d4 Nf6 2. c4 g6 3. Nc3 Bg7 4. e4 d6 5. f3 0-0 6. Be3 Nc6 7. Nge2 e5 8. d5 Ne7 9. Qd2 c6 10. g4 cxd5 11. cxd5 b6 12. Ng3 Kh8 13. Bh6 Rg8 14. Bxg7+ Rxg7 15. h4 Bb7 16. g5 Nh5 17. Nxh5 gxh5 18. f4 Ng6 19. f5 Nf4 20. Ne2 Nxe2 21. Bxe2 Rc8 22. Rc1 Rc7 23. Bxh5 Qc8 24. Rxc7 Qxc7 25. Qc3 Qd7 26. Qf3 Rg8 27. Rg1 Qa4 28. a3 Rc8 29. Qe3 Bxd5 30. Bf3 Ba2 31. Bd1 Qc6 32. g6 Bb1 33. Rg4 fxg6 34. fxg6 Qc1 35. Qxc1 Rxc1 36. g7+ Kg8 37. Kd2 Rxd1+ 38. Kxd1 Ba2 39. Kc2 Bf7 40. Kc3 Bg6 41. Kb4 a6 42. Kc4 Bf7+ 43. Kb4 Bg6 44. a4 Bf7 45. Rg1 d5 46. exd5 Bxd5 47. Rd1 Bf3 48. Rd6 e4 49. Rxb6 e3 50. Re6 e2 51. Re7 Bg4 52. Ka5 h5 53. Kxa6 Bf3 54. b4 Kh7 55. b5 Bg4 56. b6 e1Q 57. Rxe1 Kxg7 58. b7 Bf5 59. b8Q Bd3+ 60. Qb5 Bxb5+ 61. axb5 Kf6 62. b6 Kf7 63. b7 Kf6 64. b8Q Kf7 65. Qd6 Kg8 66. Re7 Kf8 67. Qd8# 1-0

[Event "GER-ch U25-B"]
[Site "Willingen"]
[Date "2016.05.17"]
[Round "5"]
[White "Arndt, Lena"]
[Black "Von Pueckler, Konstantin"]
[Result "0-1"]
[WhiteElo "1124"]
[BlackElo "1327"]
[PlyCount "98"]
[EventDate "2016.05.15"]
[EventType "swiss"]
[EventRounds "9"]
[EventCountry "GER"]
[SourceTitle "CBM 172 Extra"]
[Source "ChessBase"]
[SourceDate "2016.06.21"]
[SourceVersion "1"]
[SourceVersionDate "2016.06.21"]
[SourceQuality "1"]

1. e4 c5 2. Nf3 e6 3. d4 cxd4 4. Nxd4 a6 5. c4 Qc7 6. b3 Nf6 7. Nc3 Bb4 8. Bd2 Bxc3 9. Bxc3 Nxe4 10. Bd2 Nxd2 11. Qxd2 Nc6 12. Be2 Qe5 13. Rd1 Qxd4 14. Qxd4 Nxd4 15. Rxd4 e5 16. Rd3 0-0 17. 0-0 f5 18. f3 Rd8 19. f4 e4 20. Rd6 Re8 21. Rfd1 Kf7 22. h3 Re6 23. Rxe6 Kxe6 24. c5 b5 25. cxb6 d5 26. Rc1 Rb8 27. Rc6+ Ke7 28. Rc7+ Kf6 29. Rc6+ Ke7 30. a4 Bd7 31. Rc5 Kd6 32. Ra5 Rxb6 33. Rxa6 Rxa6 34. Bxa6 Kc5 35. Be2 Kb4 36. Bd1 Kc3 37. Be2 Kxb3 38. Bb5 Bc8 39. a5 Bb7 40. a6 Ba8 41. Kf2 d4 42. Ke1 Kc2 43. Bd7 d3 44. Kf2 Kd2 45. Bc8 e3+ 46. Kg3 e2 47. Kh2 e1Q 48. Bb7 Bxb7 49. axb7 Qb1 0-1

[Event "GER-ch U25-B"]
[Site "Willingen"]
[Date "2016.05.15"]
[Round "2"]
[White "Von Pueckler, Konstantin"]
[Black "Lilienthal, Niels Bennett"]
[Result "1/2-1/2"]
[WhiteElo "1327"]
[BlackElo "1530"]
[PlyCount "117"]
[EventDate "2016.05.15"]
[EventType "swiss"]
[EventRounds "9"]
[EventCountry "GER"]
[SourceTitle "CBM 172 Extra"]
[Source "ChessBase"]
[SourceDate "2016.06.21"]
[SourceVersion "1"]
[SourceVersionDate "2016.06.21"]
[SourceQuality "1"]

1. d4 Nf6 2. c4 e5 3. dxe5 Ng4 4. Nf3 Nc6 5. Nc3 Ngxe5 6. Nxe5 Nxe5 7. e4 Bb4 8. Qb3 Bxc3+ 9. Qxc3 Qf6 10. f4 Ng4 11. Qxf6 Nxf6 12. e5 Ng8 13. Bd3 f6 14. 0-0 Ne7 15. exf6 gxf6 16. Re1 d6 17. f5 Bd7 18. Bf4 Kd8 19. Rad1 Bxf5 20. Bxf5 Nxf5 21. c5 Re8 22. Rxe8+ Kxe8 23. cxd6 cxd6 24. Rd5 Ne7 25. Rxd6 Rd8 26. Rxf6 Nd5 27. Rf5 Nxf4 28. Rxf4 Ke7 29. Re4+ Kf6 30. Kf2 Rd7 31. Ke2 Kf5 32. Re3 Rc7 33. Rc3 Re7+ 34. Re3 Rc7 35. Rc3 Re7+ 36. Kf2 Kg4 37. Rg3+ Kf4 38. Rf3+ Kg4 39. h3+ Kh4 40. g3+ Kh5 41. Rf4 Rd7 42. Ke2 Re7+ 43. Kf2 Rd7 44. Kg2 Kg6 45. h4 Rd2+ 46. Rf2 Rd4 47. Kh3 h5 48. Rc2 Rd7 49. Rc5 Rd2 50. Rb5 Rd7 51. Rg5+ Kh6 52. Ra5 a6 53. Ra3 Rd6 54. Rb3 b6 55. g4 hxg4+ 56. Kxg4 Rg6+ 57. Kh3 Kh5 58. Rg3 Rd6 59. Rg5+ 1/2-1/2